Na co można pójść, nigdzie nie wychodząc? - Statystyki

Ogólne statystyki
  • Ten quiz został rozwiązany 5 razy
  • Średni wynik to 1 z 6
Statystyki odpowiedzi
Hint Odpowiedź % Poprawnych
5. na rękę
100%
3. całość
33%
4. dalej
0%
6. do pracy
0%
1. drzemkę
0%
2. kompromis
0%
Nie znaleziono quizów pasujących do podanych kryteriów
Rozkład punktacji
Procent ludzi z każdym wynikiem
Percentyl według liczby udzielonych odpowiedzi
Twoja historia wyników
Nie rozwiązałeś tego quizu